טוען...

Wetland ecology: principles and conservation

מידע ביבליוגרפי
מחבר ראשי: Keddy, Paul A
פורמט: Printed Book
יצא לאור: 2010
מהדורה:2
נושאים:
LEADER 00568nam a2200193 4500
020 |c 44.99 lbs 
082 |a 577.68 KED-W2 
100 |a Keddy, Paul A 
245 |a Wetland ecology: principles and conservation 
250 |a 2 
260 |c 2010 
300 |a PB+497 
490
500
590 |a Modern Book Centre  |b MBC-0355/15 dtd03/06/2015  |c 44.99 lbs 
650 |a Wetland Ecology & Ecosystems 
942 |c BK 
999 |c 99218  |d 99218 
952 |0 0  |1 0  |4 0  |6 577_680000000000000_KEDW2  |7 0  |9 112686  |a AQU  |b AQU  |g 44.99  |l 0  |o 577.68 KED-W2  |p AQU05714  |r 2019-09-25  |w 2019-09-25  |y BK